[Event "DOM-ch"]
[Site "Santo Domingo"]
[Date "2019.05.05"]
[Round "8"]
[White "Jimenez Jimenez, Leandro"]
[Black "Zorrilla Jimenez, Wilber Edwin"]
[Result "1-0"]
[WhiteElo "1990"]
[BlackElo "2048"]
[PlyCount "71"]
[EventDate "2019.04.26"]
[EventType "swiss"]
[EventRounds "11"]
[EventCountry "DOM"]
[SourceTitle "CBM 190 Extra"]
[Source "ChessBase"]
[SourceDate "2019.07.15"]
[SourceVersion "1"]
[SourceVersionDate "2019.07.15"]
[SourceQuality "1"]

1. d4 d5 2. c4 e6 3. Nc3 Nf6 4. cxd5 exd5 5. Bg5 Nbd7 6. e3 c6 7. Bd3 Bd6 8. Qc2 h6 9. Bh4 0-0 10. Nge2 Re8 11. h3 Qc7 12. g4 g5 13. Bg3 Nf8 14. 0-0-0 b5 15. Nxb5 cxb5 16. Qxc7 Bxc7 17. Bxc7 Bxg4 18. Be5 Bxe2 19. Bxe2 Ne4 20. Rhf1 Rac8+ 21. Kb1 Ng6 22. Bh2 a6 23. Bd3 Nh4 24. Be2 Rc6 25. f3 Nf6 26. e4 dxe4 27. d5 exf3 28. Bxb5 axb5 29. dxc6 Ng6 30. Rxf3 Ne4 31. c7 Ne7 32. Rd8 Kf8 33. Rfd3 f5 34. Rxe8+ Kxe8 35. Rd8+ Kf7 36. Rd7 1-0

[Event "DOM-ch"]
[Site "Santo Domingo"]
[Date "2019.04.27"]
[Round "2"]
[White "Guzman, Christopher"]
[Black "Zorrilla Jimenez, Wilber Edwin"]
[Result "1-0"]
[WhiteElo "2273"]
[BlackElo "2048"]
[PlyCount "69"]
[EventDate "2019.04.26"]
[EventType "swiss"]
[EventRounds "11"]
[EventCountry "DOM"]
[SourceTitle "CBM 190 Extra"]
[Source "ChessBase"]
[SourceDate "2019.07.15"]
[SourceVersion "1"]
[SourceVersionDate "2019.07.15"]
[SourceQuality "1"]

1. e4 c5 2. Nf3 d6 3. d4 cxd4 4. Nxd4 Nf6 5. Nc3 e6 6. g3 Be7 7. Bg2 0-0 8. 0-0 Nc6 9. a4 a6 10. Nb3 Bd7 11. a5 Ne5 12. Nd2 Qc7 13. f4 Qc5+ 14. Kh1 Neg4 15. Qf3 Qh5 16. h3 Rac8 17. Nb3 Rc4 18. Kg1 Rfc8 19. Bd2 Rb4 20. hxg4 Nxg4 21. Rfe1 Rxc3 22. bxc3 Bb5 23. Re2 Rxe4 24. Qxe4 Qh2+ 25. Kf1 Qxg3 26. Be1 Qh2 27. Nd4 d5 28. Qf3 Qh5 29. Bg3 Bc4 30. Ke1 Qg6 31. Rb1 h5 32. Rxb7 Bc5 33. f5 Qg5 34. Rb8+ Kh7 35. Bf4 1-0

[Event "Santo Domingo Autumn op"]
[Site "Santo Domingo"]
[Date "2016.10.07"]
[Round "7"]
[White "Castillo Pena, Patricia Evarista"]
[Black "Zorrilla Jimenez, Wilber Edwin"]
[Result "0-1"]
[WhiteElo "1728"]
[BlackElo "2046"]
[PlyCount "86"]
[EventDate "2016.10.07"]
[EventType "swiss"]
[EventRounds "8"]
[EventCountry "DOM"]
[SourceTitle "CBM 175 Extra"]
[Source "ChessBase"]
[SourceDate "2016.12.12"]
[SourceVersion "1"]
[SourceVersionDate "2016.12.12"]
[SourceQuality "1"]

1. d4 Nf6 2. c4 g6 3. Nf3 Bg7 4. g3 0-0 5. Bg2 d6 6. Nc3 Nbd7 7. 0-0 c5 8. e3 Rb8 9. Qe2 a6 10. a4 b6 11. d5 Ng4 12. e4 Nde5 13. h3 Nxf3+ 14. Bxf3 Ne5 15. Bg2 Qc7 16. Bg5 f6 17. Be3 Bd7 18. f4 Nf7 19. Rf2 Qc8 20. g4 Qe8 21. Bf1 h6 22. h4 g5 23. hxg5 fxg5 24. f5 Ne5 25. Ra3 Qf7 26. Rh2 Qf6 27. Qg2 Rb7 28. Nd1 b5 29. cxb5 axb5 30. a5 b4 31. Ra1 Rfb8 32. a6 Ra7 33. Ra5 Bc8 34. b3 Rba8 35. Qh3 Bxa6 36. Bxa6 Rxa6 37. Rxa6 Rxa6 38. Rd2 Ra1 39. Kh2 Nf7 40. Qf1 Qe5+ 41. Kg2 Qxe4+ 42. Qf3 Qxf3+ 43. Kxf3 Ra3 0-1